| 000 | 00751 a2200241 4500 | ||
|---|---|---|---|
| 005 | 20260505105546.0 | ||
| 008 | 260504b |||||||| |||| 00| 0 eng d | ||
| 020 | _a9788720352681 | ||
| 040 |
_aCSL _cCSL |
||
| 041 |
_2eng _aeng |
||
| 084 |
_aD65,2 R5-;11 _qCSL |
||
| 100 |
_aKunar, A. Anand _91114289 _eauthor |
||
| 245 | _aFundamentals of digital circuits | ||
| 250 | _a4th | ||
| 260 |
_aDelhi : _bPHI Learning, _c2025. |
||
| 300 |
_axxx, 1070p. _b: ill. _c; 23 cm. |
||
| 500 | _aIncludes appendix, glossary and index | ||
| 650 | _aSequential circuits | ||
| 650 |
_aShift registers _91238465 |
||
| 650 |
_aThreshold logic _91238466 |
||
| 650 |
_aLogic gates _91238467 |
||
| 942 |
_cTEXL _2CC _e4th _hD65,2 R5-;11 |
||
| 999 |
_c1678838 _d1678838 |
||